000 00264 a2200085 4500
020 _a978-1864705751
100 _aJeffrey Brown
245 _aTiltwallism: A Treatise on the Architectural Potential of Tilt Wall Construction
260 _b The Images Publishing Group
_c2014
999 _c13424
_d13424